| 000 | 00860nam a2200205 i 4500 | ||
|---|---|---|---|
| 001 | 189554 | ||
| 003 | ES-MaACL | ||
| 005 | 20230906223512.0 | ||
| 007 | t| | ||
| 008 | 190612s1950 sp r ||||1| spa d | ||
| 100 | 1 |
_aNájera y Angulo, Fernando. _984873 |
|
| 245 | 1 | 0 |
_aAbastecimiento nacional de traviesas _b: estudio de las maderas tropicales españolas aptas para esta aplicación / _cpor Fernando Nájera y Angulo. |
| 260 |
_aMadrid : _bInstituto Forestal de Investigaciones y Experiencias, _c1950. |
||
| 300 |
_a128 p.,, 9 h. de lám. : _bil. ; _c24 cm. |
||
| 490 | 1 |
_aInstituto Forestal de Investigaciones y Experiencias ; _vAño XXI nº 50 |
|
| 650 | 4 |
_aFerrocarriles- _xTraviesas. _9167343 |
|
| 830 | 0 |
_aInstituto Forestal de Investigaciones y Experiencias ; _vAño XXI nº 50 _9181435 |
|
| 852 |
_aES-MaACL _jP-569-Bis-37 |
||
| 999 |
_c189554 _d189554 |
||